000 00334nam a2200133Ia 4500
008 240109s9999 xx 000 0 und d
041 _aeng
082 _a332
100 _aShaikh Saleem
245 _aBusiness Environment [Shaikh]
260 _bPearson Education (PTE)Ltd.New Delhi Delhi
300 _a802
650 _aManagement
999 _c1028842
_d1028842